000 00279nam a22001097a 4500
005 20140523170140.0
008 140523b xxu||||| |||| 00| 0 eng d
050 _aQE 41 T179 2009
245 _aEarth Science 12th Ed.
_cEdward Tarbuck
600 _2EARTH
_91
942 _2lcc
_cBK
_mQE
999 _c117202
_d117202